[Event "Seville City-ch Blitz"]
[Site "Seville"]
[Date "2023.02.28"]
[Round "3"]
[White "Garcia Jimenez, Santiago"]
[Black "Carrabeo Garcia, Manuel"]
[Result "0-1"]
[WhiteElo "2189"]
[BlackElo "1977"]
[PlyCount "60"]
[EventDate "2023.02.28"]
[EventType "swiss (blitz)"]
[EventRounds "10"]
[EventCountry "ESP"]
[SourceTitle "CBM 213 Extra"]
[Source "ChessBase"]
[SourceDate "2023.05.31"]
[SourceVersion "1"]
[SourceVersionDate "2023.05.31"]
[SourceQuality "1"]

1. c4 e6 2. Nf3 Nf6 3. e3 b6 4. d4 Bb7 5. Bd3 Bb4+ 6. Nc3 0-0 7. Qc2 Bxf3 8. gxf3 d5 9. Bd2 c5 10. a3 Bxc3 11. Bxc3 dxc4 12. Bxc4 cxd4 13. Bxd4 Nc6 14. Bc3 Rc8 15. Rd1 Qe7 16. Rg1 e5 17. Bd3 Nd4 18. exd4 exd4+ 19. Kf1 dxc3 20. Bf5 Rcd8 21. Rxd8 Rxd8 22. Qxc3 Nh5 23. Bc2 Re8 24. Rg4 Nf6 25. Rc4 Qe2+ 26. Kg2 Nd5 27. Qd4 Ne3+ 28. Kg3 Nxc4 29. Bd3 Qe5+ 30. Qxe5 Nxe5 0-1

[Event "Seville City-ch Rapid"]
[Site "Seville"]
[Date "2023.02.28"]
[Round "4"]
[White "Garcia Jimenez, Santiago"]
[Black "Silva Lucena, Cristian"]
[Result "0-1"]
[WhiteElo "2189"]
[BlackElo "2303"]
[PlyCount "76"]
[EventDate "2023.02.28"]
[EventType "swiss (rapid)"]
[EventRounds "7"]
[EventCountry "ESP"]
[SourceTitle "CBM 213 Extra"]
[Source "ChessBase"]
[SourceDate "2023.05.31"]
[SourceVersion "1"]
[SourceVersionDate "2023.05.31"]
[SourceQuality "1"]

1. c4 Nf6 2. Nc3 g6 3. d4 Bg7 4. e4 d6 5. g3 0-0 6. Bg2 c5 7. d5 e6 8. Nge2 exd5 9. cxd5 a6 10. a4 Nbd7 11. 0-0 Rb8 12. a5 b5 13. axb6 Qxb6 14. h3 Re8 15. Ra2 a5 16. Bf4 Ba6 17. Qa4 Bd3 18. Rd1 c4 19. Qxa5 Qxa5 20. Rxa5 Rxb2 21. Nd4 Nxe4 22. Nxe4 Bxd4 23. Nxd6 Rxf2 24. Kh1 Ree2 25. Bh6 Nb6 26. Rg1 Be5 27. Rb5 Rb2 28. Re1 f6 29. Rxb2 Rxb2 30. Nb7 c3 31. Nc5 Bb5 32. d6 Bxd6 33. Ne4 Be5 34. Rd1 c2 35. Rd8+ Kf7 36. Kh2 g5 37. Nc5 c1Q 38. Rf8+ Ke7 0-1

[Event "Seville City-ch Blitz"]
[Site "Seville"]
[Date "2023.02.28"]
[Round "8"]
[White "Sanchez Del Prado, Manuel"]
[Black "Garcia Jimenez, Santiago"]
[Result "0-1"]
[WhiteElo "1973"]
[BlackElo "2189"]
[PlyCount "81"]
[EventDate "2023.02.28"]
[EventType "swiss (blitz)"]
[EventRounds "10"]
[EventCountry "ESP"]
[SourceTitle "CBM 213 Extra"]
[Source "ChessBase"]
[SourceDate "2023.05.31"]
[SourceVersion "1"]
[SourceVersionDate "2023.05.31"]
[SourceQuality "1"]

1. c4 g6 2. g3 Bg7 3. Bg2 Nf6 4. Nc3 0-0 5. d3 c5 6. a3 Nc6 7. Rb1 d6 8. Bd2 Bf5 9. b4 Rb8 10. Nh3 Qd7 11. Nf4 b6 12. h4 h5 13. 0-0 e6 14. e4 e5 15. exf5 exf4 16. Bxf4 Ng4 17. Ne4 Nge5 18. f6 Bh8 19. f3 d5 20. cxd5 Qxd5 21. g4 Rbd8 22. gxh5 Nxd3 23. Bg5 cxb4 24. hxg6 fxg6 25. Qe2 bxa3 26. f4 Qd4+ 27. Kh2 Ncb4 28. Qg4 Kf7 29. Bh3 Qd5 30. Ng3 Qa2+ 31. Bg2 Qe6 32. Qf3 a2 33. Ra1 Bxf6 34. h5 Rh8 35. h6 a5 36. Ne4 Qf5 37. Nxf6 Rxh6+ 38. Kg3 Nd5 39. Nxd5 Rxd5 40. Qxd5+ Qxd5 41. Rae1 0-1

[Event "ESP-chT CECLUB Div1"]
[Site "Linares"]
[Date "2020.10.08"]
[Round "6.5"]
[White "Travadon, Loic"]
[Black "Garcia Jimenez, Santiago"]
[Result "1-0"]
[WhiteElo "2422"]
[BlackElo "2203"]
[PlyCount "125"]
[EventDate "2020.10.03"]
[EventType "team-tourn"]
[EventRounds "7"]
[EventCountry "ESP"]
[SourceTitle "CBM 198 Extra"]
[Source "ChessBase"]
[SourceDate "2020.11.30"]
[SourceVersion "1"]
[SourceVersionDate "2020.11.30"]
[SourceQuality "1"]
[WhiteTeam "Sestao"]
[BlackTeam "Oromana Schneider Electric"]
[WhiteTeamCountry "ESP"]
[BlackTeamCountry "ESP"]

1. d4 Nf6 2. c4 e6 3. Nc3 Bb4 4. Nf3 Ne4 5. Bd2 Bxc3 6. Bxc3 Nxc3 7. bxc3 d6 8. e4 Nc6 9. Bd3 e5 10. d5 Ne7 11. c5 0-0 12. cxd6 cxd6 13. c4 Ng6 14. g3 f5 15. Nd2 f4 16. Rb1 Qg5 17. h4 Qf6 18. Qe2 h5 19. Qf1 Qd8 20. Qg2 Qa5 21. Be2 fxg3 22. fxg3 Qc3 23. Bxh5 Rf6 24. Be2 Bd7 25. h5 Ne7 26. g4 Raf8 27. Rh3 Qd4 28. Rd3 Rf2 29. Qg3 Qc5 30. Rxb7 Qc8 31. Rxa7 R8f4 32. g5 Rxe2+ 33. Kxe2 Rg4 34. Qf2 Rf4 35. Qg1 Bg4+ 36. Ke1 Qf8 37. c5 Nc8 38. Rc7 Bxh5 39. Rh3 g6 40. Rb3 Qd8 41. Rbb7 Bg4 42. Rg7+ Kf8 43. Qxg4 Rxg4 44. Rbf7+ Ke8 45. Rg8+ Kxf7 46. Rxd8 Rxg5 47. Rxc8 dxc5 48. Rxc5 Rg3 49. Rc7+ Kf6 50. Rc6+ Kf7 51. Nc4 Kg7 52. Kf2 Rh3 53. Nxe5 Rh2+ 54. Kf3 Rxa2 55. Rxg6+ Kh7 56. Re6 Ra3+ 57. Kf4 Ra1 58. Re7+ Kg8 59. d6 Rf1+ 60. Ke3 Re1+ 61. Kd4 Kf8 62. Re6 Rd1+ 63. Nd3 1-0

[Event "ESP-chT CECLUB Div1"]
[Site "Linares"]
[Date "2020.10.05"]
[Round "3.5"]
[White "Korneev, Svyatoslav"]
[Black "Garcia Jimenez, Santiago"]
[Result "1-0"]
[WhiteElo "2170"]
[BlackElo "2203"]
[PlyCount "59"]
[EventDate "2020.10.03"]
[EventType "team-tourn"]
[EventRounds "7"]
[EventCountry "ESP"]
[SourceTitle "CBM 198 Extra"]
[Source "ChessBase"]
[SourceDate "2020.11.30"]
[SourceVersion "1"]
[SourceVersionDate "2020.11.30"]
[SourceQuality "1"]
[WhiteTeam "Santa Lucia Grandama"]
[BlackTeam "Oromana Schneider Electric"]
[WhiteTeamCountry "ESP"]
[BlackTeamCountry "ESP"]

1. c4 g6 2. Nc3 Bg7 3. g3 d6 4. Bg2 c5 5. d3 Nc6 6. Qd2 e5 7. h4 h6 8. b3 Nge7 9. Bb2 a6 10. e3 Rb8 11. Nge2 Nf5 12. h5 g5 13. 0-0-0 Bd7 14. Ne4 Qc7 15. f4 b5 16. N2c3 Nfe7 17. fxg5 hxg5 18. h6 Bxh6 19. Nxg5 Be6 20. Rdf1 Nf5 21. Nd5 Qd8 22. Nxf7 Kxf7 23. g4 Nb4 24. Nxb4 cxb4 25. gxf5 Bd7 26. Bd5+ Kf6 27. d4 Qe7 28. Be6 Bc6 29. dxe5+ dxe5 30. Bxe5+ 1-0

[Event "Seville op 44th"]
[Site "Seville"]
[Date "2019.01.18"]
[Round "8"]
[White "Garcia Jimenez, Santiago"]
[Black "Dhulipalla, Bala Chandra Prasad"]
[Result "0-1"]
[WhiteElo "2072"]
[BlackElo "2341"]
[PlyCount "64"]
[EventDate "2019.01.11"]
[EventType "swiss"]
[EventRounds "9"]
[EventCountry "ESP"]
[SourceTitle "CBM 188 Extra"]
[Source "ChessBase"]
[SourceDate "2019.02.26"]
[SourceVersion "1"]
[SourceVersionDate "2019.02.26"]
[SourceQuality "1"]

1. c4 e5 2. g3 Nf6 3. Bg2 Nc6 4. Nc3 Bb4 5. Nd5 Bc5 6. e3 d6 7. Ne2 Nxd5 8. cxd5 Ne7 9. 0-0 Bb6 10. d4 f6 11. a3 0-0 12. b4 Bg4 13. Bb2 Qd7 14. f3 Bh5 15. e4 a5 16. Qd3 f5 17. exf5 Nxf5 18. Kh1 Bg6 19. Qd2 axb4 20. axb4 Rae8 21. dxe5 dxe5 22. Ra3 Nd6 23. Rc1 e4 24. Nf4 exf3 25. Rxf3 Be4 26. Rff1 Be3 27. Qc3 Bxc1 28. Rxc1 Rf7 29. Re1 Qg4 30. Ne6 Qh3 31. Nf4 Bxg2+ 32. Nxg2 Re2 0-1

[Event "ESP-chT CECLUB Div2"]
[Site "Linares"]
[Date "2018.08.15"]
[Round "2.7"]
[White "Garcia Jimenez, Santiago"]
[Black "Jimenez Martinez, Jose Vicente"]
[Result "0-1"]
[WhiteElo "2100"]
[BlackElo "2243"]
[PlyCount "168"]
[EventDate "2018.08.14"]
[EventType "team-swiss"]
[EventRounds "7"]
[EventCountry "ESP"]
[SourceTitle "CBM 186 Extra"]
[Source "ChessBase"]
[SourceDate "2018.08.24"]
[SourceVersion "1"]
[SourceVersionDate "2018.08.24"]
[SourceQuality "1"]
[WhiteTeam "Oromana Broncesval"]
[BlackTeam "Albacete Excalibur"]
[WhiteTeamCountry "ESP"]
[BlackTeamCountry "ESP"]

1. c4 g6 2. g3 Bg7 3. Bg2 Nf6 4. Nc3 0-0 5. e4 d6 6. Nge2 c5 7. d3 Nc6 8. 0-0 a6 9. Rb1 Ne8 10. Be3 Nc7 11. d4 cxd4 12. Nxd4 Bd7 13. Nxc6 Bxc6 14. Bb6 Qd7 15. Qd2 Rac8 16. Rfe1 Na8 17. Bd4 Bxd4 18. Qxd4 Nc7 19. Nd5 Bxd5 20. exd5 b5 21. b3 a5 22. Qh4 e5 23. dxe6 Nxe6 24. Re4 bxc4 25. bxc4 d5 26. cxd5 Qxd5 27. Qh6 Qxa2 28. Rbe1 Rc4 29. Rxc4 Qxc4 30. Re4 Qc3 31. Bh3 Nd4 32. Qe3 Qxe3 33. Rxe3 Rb8 34. Ra3 Rb5 35. Bf1 Rc5 36. Kg2 Kf8 37. Ra4 Nc6 38. Be2 Ke7 39. f4 Kd6 40. Bc4 f6 41. Bf7 Nb4 42. Bg8 h6 43. Bf7 g5 44. Kf3 Kc6 45. h4 Kb6 46. Kg4 gxf4 47. gxf4 Nc2 48. Ra2 Ne3+ 49. Kf3 Nf5 50. Kg4 Nd6 51. Be6 h5+ 52. Kf3 Nf5 53. Ke4 Nd6+ 54. Kd3 Rb5 55. Rc2 a4 56. Bd7 Rd5+ 57. Ke2 a3 58. Rc6+ Ka5 59. Be6 Rd4 60. Rc3 Re4+ 61. Kf3 Rxe6 62. Rxa3+ Kb4 63. Ra8 Nf5 64. Rh8 Re3+ 65. Kf2 Rh3 66. Rxh5 Nxh4 67. f5 Rf3+ 68. Ke2 Rf4 69. Rh6 Nxf5 70. Rg6 Kc4 71. Kd2 Nd4 72. Ke3 Ne6 73. Rg8 Kd5 74. Re8 Ra4 75. Rb8 Ra3+ 76. Kf2 f5 77. Rb5+ Ke4 78. Rb4+ Nd4 79. Rb8 Ra2+ 80. Ke1 f4 81. Re8+ Kd3 82. Kf1 Nf5 83. Re5 Ne3+ 84. Kg1 f3 0-1

[Event "ESP-ch rapid"]
[Site "Linares"]
[Date "2017.08.13"]
[Round "1"]
[White "Garcia Jimenez, Santiago"]
[Black "Cordova, Emilio"]
[Result "0-1"]
[WhiteElo "2056"]
[BlackElo "2629"]
[PlyCount "72"]
[EventDate "2017.08.13"]
[EventType "swiss (rapid)"]
[EventRounds "9"]
[EventCountry "ESP"]
[SourceTitle "CBM 179 Extra"]
[Source "ChessBase"]
[SourceDate "2017.08.23"]
[SourceVersion "1"]
[SourceVersionDate "2017.08.23"]
[SourceQuality "1"]

1. e4 c5 2. Nf3 e6 3. d4 cxd4 4. Nxd4 a6 5. Nc3 Bc5 6. Nb3 Be7 7. Qg4 Bf6 8. f4 d6 9. Bd3 Nc6 10. 0-0 Nge7 11. Be3 e5 12. Qe2 exf4 13. Bxf4 Be6 14. Rad1 Ng6 15. Bg3 Nce5 16. h3 Bh4 17. Bh2 Qg5 18. Kh1 Bg3 19. Nd5 Bxd5 20. exd5 Bxh2 21. Kxh2 0-0 22. Rf5 Qe7 23. Rdf1 Rae8 24. Nd4 Qd8 25. Qd2 Qh4 26. Nf3 Nxf3+ 27. R1xf3 Re5 28. g3 Qe7 29. Qf2 Rxf5 30. Bxf5 Ne5 31. Re3 g6 32. Be4 f5 33. Bg2 b5 34. Rc3 Qf6 35. Re3 g5 36. Be4 fxe4 0-1

[Event "ESP-chT CECLUB Div2"]
[Site "Linares"]
[Date "2017.08.09"]
[Round "3.8"]
[White "Alvarez Fernandez, Enrique"]
[Black "Garcia Jimenez, Santiago"]
[Result "1-0"]
[WhiteElo "2310"]
[BlackElo "2056"]
[PlyCount "130"]
[EventDate "2017.08.08"]
[EventType "team"]
[EventRounds "7"]
[EventCountry "ESP"]
[SourceTitle "CBM 179 Extra"]
[Source "ChessBase"]
[SourceDate "2017.08.23"]
[SourceVersion "1"]
[SourceVersionDate "2017.08.23"]
[SourceQuality "1"]
[WhiteTeam "Gijon Antonio Rico"]
[BlackTeam "Oromana Broncesval"]
[WhiteTeamCountry "ESP"]
[BlackTeamCountry "ESP"]

1. d4 e6 2. Nf3 Nf6 3. Bf4 c5 4. e3 Nc6 5. c3 d5 6. Nbd2 Bd6 7. Bg3 0-0 8. Bb5 Be7 9. Bd3 b6 10. Ne5 Bb7 11. 0-0 Nd7 12. f4 f5 13. Nxd7 Qxd7 14. Nf3 a5 15. Bh4 Bf6 16. Kh1 Ba6 17. Bxa6 Rxa6 18. a4 Kh8 19. Rg1 Ne7 20. h3 Ng8 21. Ne5 Bxe5 22. dxe5 b5 23. g4 Rb6 24. Rg2 fxg4 25. hxg4 Rfb8 26. axb5 Rxb5 27. Ra2 d4 28. Qd3 Qc6 29. Kh2 Qf3 30. Qe2 Qxe2 31. Rxe2 d3 32. Rd2 c4 33. Kg3 h6 34. Kf3 Kh7 35. Ke4 g6 36. Kd4 Rc8 37. Ke4 g5 38. fxg5 Ne7 39. gxh6 Ng6 40. Bf6 Rd5 41. Ra3 Rb8 42. Ra4 Rc8 43. Bg7 Rc7 44. Ra1 Rcc5 45. Rh1 Nxe5 46. Bxe5 Rxe5+ 47. Kf4 Rb5 48. e4 Rg5 49. Rh4 Rg6 50. Rdh2 Rbg5 51. e5 Rg8 52. Rg2 R8g6 53. Ke4 Rxh6 54. Rxh6+ Kxh6 55. Kd4 d2 56. Rxd2 Rxg4+ 57. Kc5 Kg6 58. Kd6 Kf5 59. Rf2+ Ke4 60. Kxe6 Ke3 61. Rh2 Ke4 62. Kd6 Rg5 63. e6 Rd5+ 64. Kc6 Rg5 65. e7 Rg8 1-0

[Event "Seville-ch"]
[Site "Seville"]
[Date "2017.02.25"]
[Round "5"]
[White "Gallardo Fernandez, Cesar"]
[Black "Garcia Jimenez, Santiago"]
[Result "1-0"]
[WhiteElo "2208"]
[BlackElo "2035"]
[PlyCount "93"]
[EventDate "2017.01.28"]
[EventType "swiss"]
[EventRounds "9"]
[EventCountry "ESP"]
[SourceTitle "EXT 2018"]
[Source "ChessBase"]
[SourceDate "2017.10.13"]
[SourceVersion "1"]
[SourceVersionDate "2017.10.13"]
[SourceQuality "1"]

1. e4 e5 2. Nf3 Nc6 3. c3 d5 4. d3 Nf6 5. Nbd2 Bc5 6. b4 Bd6 7. Be2 a6 8. 0-0 0-0 9. Bb2 Be6 10. a3 b5 11. exd5 Nxd5 12. c4 Nf4 13. c5 Be7 14. Nxe5 Nxe5 15. Bxe5 Nxd3 16. Bxd3 Qxd3 17. Nf3 Qf5 18. Re1 Rfd8 19. Nd4 Qg6 20. Nc6 Re8 21. Qf3 Bf6 22. Bxf6 Qxf6 23. Qxf6 gxf6 24. f4 Kf8 25. Kf2 Bd5 26. Nd4 Be4 27. g3 Rad8 28. Rad1 f5 29. Rd2 Rd5 30. Red1 Red8 31. Nb3 Ke7 32. Rxd5 Rxd5 33. Rxd5 Bxd5 34. Nd2 Ke6 35. Ke3 f6 36. Nb1 Be4 37. Nc3 Bc6 38. Ne2 Be4 39. g4 Bb1 40. gxf5+ Kxf5 41. Nd4+ Kg4 42. Ne6 Kh3 43. Nxc7 Kxh2 44. Kf2 Kh3 45. Nd5 Kg4 46. c6 Bf5 47. Ne7 1-0